01037nam a2200277Ia 450000500170000000800410001702000180005804100080007608200150008424501170009925000180021630000250023450000470025950400550030665000560036165000680041765000450048570000340053094200120056426400450057633600270062133700330064833800280068104000350070999900150074420220317001859.0170410s2011 c g 000 0 s  a9789587320886 aspa04a986.1bF7100aFragmentos de historia política y culturalbColombia siglo XIX y XXcYesenia Pumarada Cruz... [y otros cuatro] a1a. edición a164 páginasc24 cm aIncluye datos biográficos de los autores aIncluye bibliografía al final de cada capítulo142LEMBaCulturavEnsayos, conferencias, etczColombia142LEMBaHistoria políticavEnsayos, conferencias, etczColombia142LEMBaColombiavHistoriaySiglo XIX - XX1 aPumarada Cruz, Yesenia978329 2ddccBK a[Popayán]bUniversidad del Caucac2011 atextobtxt2rdacontent asin mediaciónbn2rdamedia avolumenbnc2rdacarrier aCO-BoRNBPbspaerdacCO-BoRNBP c8405d8405